|
|
|
|
| LEADER |
00000nam a2200000 i 4500 |
| 001 |
IT\ICCU\CFI\0461828 |
| 003 |
ItRI |
| 005 |
20260130222104.0 |
| 008 |
000210s1999 it |||||| ||||| |||||c |
| 015 |
|
|
|2 IT
|a 2000-3197
|
| 020 |
|
|
|a 8878186015
|
| 040 |
|
|
|b ita
|c ARCIGAY RIMINI
|
| 041 |
|
7 |
|a ita
|2 ISO-639-2
|
| 082 |
|
|
|a 850.93538
|2 21
|
| 100 |
1 |
|
|a Boggione, Valter
|0 IT\ICCU\TO0V\026307
|4 aut
|
| 245 |
1 |
0 |
|a Dizionario storico del lessico erotico italiano :
|b metafore, eufemismi, oscenità, doppi sensi, parole dotte e parole basse in otto secoli di letteratura italiana /
|c Valter Boggione, Giovanni Casalegno.
|
| 260 |
|
|
|a Milano :
|b TEA,
|c 1999
|
| 300 |
|
|
|a LII, 684 p. ;
|c 21 cm.
|
| 650 |
|
7 |
|a Erotismo nella letteratura italiana
|2 scbi
|
| 700 |
1 |
|
|a Casalegno, Giovanni,
|d (1962- )
|0 IT\ICCU\LO1V\018953
|4 aut
|
| 830 |
|
0 |
|a TEAdue ;
|v 762
|0 IT\ICCU\CFI\0134828
|
| 942 |
|
|
|2 ddc
|c BK
|
| 952 |
|
|
|0 0
|1 0
|2 ddc
|4 0
|6 850_935000000000000_BOG_DIZ
|7 1
|9 3222
|a RN
|b RN
|d 2025-02-18
|e DONO RIMONDINI
|l 0
|o 850.935 BOG DIZ
|p 10481
|r 2025-02-18 00:01:07
|w 2025-02-18
|y BK
|
| 952 |
|
|
|0 0
|1 0
|4 0
|6 DOC_850_935000000000000_BOG
|7 0
|9 17018
|a BO
|b BO
|d 2026-01-15
|i 12230
|l 0
|o DOC 850.935 BOG
|p BO12230
|r 2026-01-15 23:19:31
|w 2026-01-15
|x [Sebina 7] [1 v.]
|y BK
|z 1 v.
|
| 999 |
|
|
|c 2594
|d 2594
|